• 首页
  • 本馆介绍
  • 公告通知
  • 最新文献
  • 馆藏检索
  • 电子资源
  • 读者导购
  • 参考咨询
  • 我的图书馆
  • 登录
  • 详细信息显示
  • 放入我的书架
  • 预约/预借图书
  • 作者相关作品
  • 分类相关作品
  • 丛书相关作品
  • 出版社相关作品

书目信息

  • 表格格式
  • 工作单格式
  • 卡片格式
题名:
数学解题规律与思路分析
    
 
作者: 方华 编写
分册:  
出版信息: 济南   山东教育出版社  1982
页数: 359页
开本: 19cm
丛书名:
单 册:
中图分类: O1-0 , G633.6
科图分类:
主题词: 数学--解题--方法 , 教育--各级
电子资源:
ISBN:
000 00661nam0 2200253 45
001 1558142284
005 20150130134226.93
010    @dCNY0.95
091    @aCN@b7275.6
100    @a19950705d1982 em y0chiy0121 ea
101 0  @achi
102    @aCN@b370000
105    @ay z 000yy
200 10 @a数学解题规律与思路分析@Ashu xue jie ti gui lu yu si lu fen xi@f方华编写
210    @a济南@c山东教育出版社@d1982
215    @a359页@d19cm
606    @a数学@x解题@x方法
606 0  @a教育@x各级
690    @aO1-0@v3
690    @aG633.6@v4
701  0 @a方华@Afang hua@4编写
801  0 @aCN@bTSSF@c20150130
801  2 @aCN@bNLC
905    @aZUCC@dG633.6@eJY114
    
    数学解题规律与思路分析/方华编写.-济南:山东教育出版社,1982
    359页;19cm
    
    
    ISBN :CNY0.95
    
●
相关链接 在E读中查询图书 在五车中查询图书 在当当中查询图书 在豆瓣中查询图书


正题名:数学解题规律与思路分析     索取号:G633.6/JY114         预约/预借

序号 登录号 条形码 馆藏地/架位号 状态 备注
1 7838228   278382288   学院路分馆/ [索取号:G633.6/JY114] 在馆    
唐山师范学院图书馆 欢迎您!
大连网信软件有限公司© 版权所有